Harry Potter (2) und die Kammer des Schreckens Quiz - Statistiken

Allgemein
  • Dieses Quiz wurde 647 mal gespielt
  • Das Durchschnittsergebnis liegt bei 10 aus 15
Antwortstatistiken
Frage Antwort % Korrekt
Wo befindet sich der Eingang zur Kammer des Schreckens? In einem Mädchenklo
88%
Wer oder was wurde vom Basilisken als erstes versteinert? Mrs. Norris
85%
Mit was für einem Automodell holen Fred, George und Ron Harry ab? Ford Anglia
84%
Welches Besenmodell hat Lucius Malfoy dem gesamten Slytherin Quidditch Team gekauft? Nimbus 2001
81%
Was sieht Harry als er auf die Hecke der Dursleys starrt? Dobbys Augen
79%
Welche beiden Schüler könnten laut Draco Malfoy einen Harry Potter Fanclub gründen? Colin & Ginny
78%
Welche Auszeichnung bekomme Harry und Ron von Dumbledore verliehen, nachdem der Basilisk besiegt ist? Auszeichnung für besondere Verdienste um die Schule
77%
Welche Strafarbeit muss Ron erledigen, während Harry mit Lockhart dessen Fanpost beantworten muss? Pokale polieren ohne Magie
74%
Seinen wievielten Todestag feiert der fast kopflose Nick? 500
64%
Wer tötete alle Hähne von Hagrid? Ginny
60%
Harry versaut durch den Lärm in seinem Raum die Pointe von Vernons Witz, worum geht es in dem Witz? Golf
60%
Der Fuchsbau steht etwas außerhalb eines kleinen Dorfes, aber wie heißt dieses Dorf nochmal? Ottery St Catchpole
57%
Was ist Gilderoy Lockharts Lieblingsfarbe? Lila
56%
Wie häufig hat Gilderoy Lockhart den Preis für das charmanteste Lächeln der Hexenwoche gewonnen? 5
47%
Welche Person wird zusammen mit Hermine versteinert? Penelope Clearwater
44%
Keine übereinstimmenden Quizze gefunden
Verteilung der Resultate
Anzahl Personen mit jedem Resultat
Perzentil nach korrekt beantworteten Fragen
Ihre Resultats-Entwicklung
Sie haben dieses Quiz noch nicht gespielt